The construction of communalism in colonial North India / (Record no. 69535)

MARC details
000 -LEADER
fixed length control field 00925nam a22002537a 4500
005 - DATE AND TIME OF LATEST TRANSACTION
control field 20210719163422.0
010 ## - LCCN (DPL NO)
LC control number ENG-105698 B-740623
020 ## - INTERNATIONAL STANDARD BOOK NUMBER
International Standard Book Number 9780198077305
Terms of availability 445.00
020 ## - INTERNATIONAL STANDARD BOOK NUMBER
International Standard Book Number 0198077300
Terms of availability 445.00
035 ## - SYSTEM CONTROL NUMBER
System control number EN-89231
035 ## - SYSTEM CONTROL NUMBER
System control number B-740623
037 ## - SOURCE OF ACQUISITION
Source of stock number/acquisition DBAD / PUB
037 ## - SOURCE OF ACQUISITION
Source of stock number/acquisition Gift
082 14 - DEWEY DECIMAL CLASSIFICATION NUMBER
Classification number 302.140954
100 1# - MAIN ENTRY--PERSONAL NAME
Personal name Pandey, Gyanendra
245 1# - TITLE STATEMENT
Title The construction of communalism in colonial North India /
Statement of responsibility, etc by Gyanendra Pandey
250 ## - EDITION STATEMENT
Edition statement 3rd ed.
260 ## - PUBLICATION, DISTRIBUTION, ETC. (IMPRINT)
Place of publication, distribution, etc New Delhi
Name of publisher, distributor, etc Oxford University Press
Date of publication, distribution, etc 2012
270 ## - ADDRESS
Address YMCA Library Building, Jai Singh Road,
City New Delhi
Postal code 110001
300 ## - PHYSICAL DESCRIPTION
Extent xxxiii, 318p.
Dimensions 22cm(pbk)
500 ## - GENERAL NOTE
General note includes bibliographical references and index
942 ## - ADDED ENTRY ELEMENTS (KOHA)
Institution code [OBSOLETE] dpl
Item type English Books
Source of classification or shelving scheme Dewey Decimal Classification
Classification part 302.140954
Call number suffix PAN
Holdings
Withdrawn status Lost status Not for loan Collection code Home library Current library Date acquired Source of acquisition Cost, normal purchase price Full call number Barcode Copy number Cost, replacement price Koha item type Public note
      Non-fiction Central Library Central Library 19/07/2021 Gift/Eng/07-07-2021 445.00 302.140954 PAN B-740623 1 445.00 English Books Gift
    Not For Loan Non-fiction D.B.Act.Division D.B.Act.Division 30/08/2012 DBAD / PUB 445.00 302.140954 PAN EN-89231 1 445.00 English Books  

© Delhi Public Library
Hit Counter
free hit counter